000 nkm a22 a 4500
999 _c470294
_d470294
003 BLK
005 20220812135555.0
008 220812b bu ||||| |||| 00| 0 bu d
040 _aBLK
041 _aRUS
_cRUS
080 _aСъдържание и форми на работа в предучилищното възпитание и в основното образование. Учебни предмети и учебници за начални и основни училища. 373
_b373
_z373
139 _aСказки А. С. Пушкина
245 _aСказки А. С. Пушкина
_bВыставка рисунков к сказкам : Альбом
_cвступ. статья Н. Шанина ;рис. И. Я. Билибина.
257 _aSUN
260 _9214299
_aМосква
_bМалыш
_c1981
300 _a10 с.
_bс цв. ил.
_c42 см
_e10 отд. л. в папке
380 _aDN
650 7 _9146731
_aАлбуми
653 7 _9195900
_aруски език
653 7 _9188362
_aкартини
653 7 _9187552
_aилюстрации
700 _9380054
_aБилибин, Иван Яковлевич
_eил.
700 1 _9142649
_aШанина, Надежда Федоровна
_eвступ. статья
852 _cЦб III 831
942 _cGRA
_n0
_02
_s1
999 _d470292
999 _d470290
999 _d470288
999 _d470287